| 000 | 00730nam a2200217 4500 | ||
|---|---|---|---|
| 003 | CO-ViMGA | ||
| 020 | _a9789585666535 | ||
| 040 |
_aCO-ViMGA _bspa _cCO-ViMGA |
||
| 090 | _aC ISE2 | ||
| 100 | 1 |
_aIsern, Susanna _913021 |
|
| 245 | 1 | 0 |
_aNo me invitaron al cumpleaños _cSusanna Isern ; Adolfo Serra |
| 250 | _a Edición especial | ||
| 260 |
_aBogotá _bNubeOcho Ediciones _c2018 |
||
| 300 |
_a[34] páginas _bilustraciones en color , 29 cm. |
||
| 500 | _aRecomendado para un público infantil mayor de 6 años | ||
| 650 | 1 | 4 |
_a Libros ilustrados para niños _987 |
| 650 | 1 | 4 |
_a Psicología Infantil _vCuentos infantiles _913022 |
| 650 | 1 | 4 |
_aCuentos infantiles españoles _91012 |
| 700 | 1 |
_aSerra, Adolfo _913023 |
|
| 942 |
_2ddc _cBK |
||
| 999 |
_c8655 _d8655 |
||